000 01011nam a2200265 i 4500
001 189841
003 ES-MaACL
005 20250930063201.0
008 191205s2001 sp a 001 0 spa d
020 _a84-605-6417-7
080 _a395:658
100 1 _aRueda Cuenca, Fernando,
_d1958-
_9169030
245 1 3 _aEl protocolo en la sociedad y en la empresa /
_cFernando Rueda Cuenca, José Carlos Sanjuán Monforte ; prólogo, el vizconde del Castillo de Almansa ; ilustraciones, Antonio Mingote.
250 _a2ª ed.
260 _aMadrid :
_bUnión Eléctrica Fenosa,
_c2001.
300 _a210 p. :
_bil. ;
_c28 x 15 cm.
504 _aBibliografía: p. 205-209.
650 _aEtiqueta.
_912596
700 1 _aSanjuán Monforte, José Carlos (
_d1962-)
_9169032
700 1 _aMingote, Antonio,
_d1919-2012
_9240761
710 2 _aUnión Fenosa.
_9169033
852 _aES-MaACL
_jA-14601
_9196985
_bR.153014
_cDEPO1
_dOlim: N-7601
_hDonación: Editorial
942 _2udc
999 _c189841
_d189841